000 00576nam a2200205Ia 4500
003 GCL
008 140319s9999 xx 000 0 ara d
040 _aGCL /
_cGCL
082 0 4 _a813.03
_bا ح
100 1 _aيحيى حقى
245 1 0 _aحمام الملاطيلى /
_cيحيى حقى
700 1 _aاسماعيل ولى الدين
300 _a136 ص
490 _aكتابات معاصرة
_v0
650 0 4 _aالادب العربى
650 0 4 _aالقصص العربية
650 0 4 _aالادب
650 0 4 _aالقصص الاجتماعية
942 _2ddc
_cBK
999 _c40398
_d40398